| 000 | 00547cam a2200193 4500 | ||
|---|---|---|---|
| 001 | sa 65002253 | ||
| 003 | DLC | ||
| 005 | 20260227112115.0 | ||
| 008 | 950620s1963 br 000 0 buro | ||
| 010 | _asa 65002253 | ||
| 040 |
_aDLC _cDLC _dDLC |
||
| 050 | 0 | 0 |
_aPL3988.P4 _bA9 |
| 100 | 0 |
_aPe Thein, _cU, _d1889- |
|
| 245 | 1 | 0 |
_aẠ twēi ạ hkaw hīn lēi ō kyī. _c[yēi thu] Shwei Ụ Dāung. |
| 260 |
_aYan kon, _bNei Pyi Taw Sa pei Taik _c[1963] |
||
| 300 |
_a158 p. _c21 cm. |
||
| 490 | 0 |
_aẠ htū htok ạ hmat _v1 |
|
| 500 | _aIn Burmese. | ||
| 999 |
_c62549 _d62549 |
||